Climate Crisis and the Global Green New Deal <The> Political Economy of Saving the Planet

Guardado en:
Detalles Bibliográficos
Autor principal: Chomsky, Noam
Otros Autores: Pollin, Robert
Formato: Libro
Lenguaje:inglés
Publicado: London Verso 2020
Edición:1st Edition
Materias:
Etiquetas: Agregar Etiqueta
Sin Etiquetas, Sea el primero en etiquetar este registro!

MARC

LEADER 00000nam a2200000 4500
001 0278995
005 20231110133526.8
020 |a 978-1-78873-985-6 
041 0 |a eng 
044 |a GB 
245 1 0 |a Climate Crisis and the Global Green New Deal  |b <The> Political Economy of Saving the Planet  |c Noam Chomsky, Robert Pollin 
250 |a 1st Edition 
264 1 |a London  |b Verso  |c 2020 
300 |a 180 s. 
610 2 0 |a zmeny klimatické 
610 2 0 |a Európska zelená dohoda 
610 2 0 |a príroda 
610 2 0 |a environmentalistika 
610 2 0 |a klimatológia 
610 2 0 |a prostredie životné 
610 2 0 |a ochrana prostredia životného 
100 1 |a Chomsky, Noam 
700 1 |a Pollin, Robert